El ingenioso hidalgo don Quijote de la Mancha / (Record no. 43563)

MARC details
000 -LEADER
campo de control de longitud fija 00988nam a2200241 i 4500
001 - NÚMERO DE CONTROL
campo de control 43563
003 - IDENTIFICADOR DE NÚMERO DE CONTROL
campo de control ES-MaACL
005 - FECHA Y HORA DE LA ÚLTIMA TRANSACCIÓN
campo de control 20250710115704.0
007 - CAMPO FIJO DE DESCRIPCIÓN FÍSICA--INFORMACIÓN GENERAL
campo de control de longitud fija t|
008 - DATOS DE LONGITUD FIJA--INFORMACIÓN GENERAL
campo de control de longitud fija 030318s1905 sp ||||1| spa d
080 ## - NÚMERO DE LA CLASIFICACIÓN DECIMAL UNIVERSAL
Número de la Clasificación Decimal Universal 821.134.2-31"15"
100 1# - ENTRADA PRINCIPAL--NOMBRE DE PERSONA
Nombre de persona Cervantes Saavedra, Miguel de,
Fechas asociadas al nombre 1547-1616
9 (RLIN) 226514
240 10 - TÍTULO UNIFORME
Título uniforme Don Quijote de la Mancha
245 13 - MENCIÓN DEL TÍTULO
Título El ingenioso hidalgo don Quijote de la Mancha /
Mención de responsabilidad, etc. compuesto por Miguel de Cervantes Saavedra ; nueva edición con nuevo análisis y con la vida del autor publicada por Juan Antonio Pellicer en 1797.
260 ## - PUBLICACIÓN, DISTRIBUCIÓN, ETC.
Lugar de publicación, distribución, etc. Madrid :
Nombre del editor, distribuidor, etc. [s.n.],
Fecha de publicación, distribución, etc. 1905 (
Fabricante Imp. de los Hijos de M.G. Hernández)
300 ## - DESCRIPCIÓN FÍSICA
Extensión CXXVII, 896 p. ;
Dimensiones 28 cm.
530 ## - NOTA DISPONIBLE DE FORMULARIO FÍSICO ADICIONAL
Nota de formato físico adicional disponible Disponible en formato digital.
700 1# - ENTRADA AGREGADA--NOMBRE PERSONAL
Nombre de persona Pellicer, Juan Antonio.
9 (RLIN) 90083
852 ## - LOCALIZACIÓN
Ubicación ES-MaACL
Número de control de estantería B-11118
Ubicación en estantería Sala Pardo Bazán
Nota libre Revisado enlace: 10 de julio de 2025
856 4# - LOCALIZACIÓN Y ACCESO ELECTRÓNICOS
Identificador Uniforme de Recursos <a href="http://bdh-rd.bne.es/viewer.vm?id=0000192924&page=1 ">http://bdh-rd.bne.es/viewer.vm?id=0000192924&page=1 </a>
Texto de enlace Biblioteca Digital Hispánica
942 ## - ELEMENTOS DE ENTRADA SECUNDARIOS (KOHA)
Fuente del sistema de clasificación o colocación Clasificación decimal universal
Holdings
Estatus retirado Estado de pérdida Estado de daño No para préstamo Colección Biblioteca de origen Biblioteca actual Ubicación en estantería Fecha de adquisición Fuente de adquisición Total de préstamos Signatura topográfica completa Código de barras Visto por última vez Precio de reemplazo Tipo de ítem Koha
        Colección digital Biblioteca del Ateneo de Madrid Biblioteca del Ateneo de Madrid Sala Pardo Bazán 17/01/2008     B-11118 1045858 23/02/2023 23/02/2023 Libro impreso